Determinación de las zonas de control de tensión asociadas al PH El Diquis, ante los diferentes escenarios de operación estimados para el año 2016
محفوظ في:
| المؤلف الرئيسي: | |
|---|---|
| مؤلفون آخرون: | |
| التنسيق: | كتاب |
| منشور في: |
[San José, Costa Rica]
2009
|
| الموضوعات: | |
| الوسوم: |
إضافة وسم
لا توجد وسوم, كن أول من يضع وسما على هذه التسجيلة!
|
MARC
| LEADER | 00000nam a2200000Ia 4500 | ||
|---|---|---|---|
| 003 | 001605 | ||
| 005 | 20240116082734.0 | ||
| 008 | 140114s6117 cr a 000 ||s d | ||
| 040 | |c cru CEDI | ||
| 090 | |a TFG 6117 | ||
| 100 | |a William Fonseca, Randy, 1987- |9 2103 | ||
| 245 | |a Determinación de las zonas de control de tensión asociadas al PH El Diquis, ante los diferentes escenarios de operación estimados para el año 2016 | ||
| 260 | |a [San José, Costa Rica] |c 2009 | ||
| 500 | |a Proyecto de graduación (bachillerato en ingeniería eléctrica)--Universidad de Costa Rica. Facultad de Ingeniería, Escuela de Ingeniería Eléctrica | ||
| 501 | |a Profesor Guía de IE-0499 Proyecto Eléctrico: Ing. Gonzalo Mora Jiménez | ||
| 650 | |x TRANSMISION DE POTENCIA |x DISTRIBUCION DE ENERGIA ELECTRICA |x SISTEMAS DE ENERGIA ELECTRICA |x ENERGIA ELECTRICA |9 3186 | ||
| 700 | |a Mora Jiménez, Gonzalo, 1977- |d Director de Proyecto Eléctrico |9 731 | ||
| 942 | |c TFG |h TFG 6117 |i 001605 |6 TFG_6117_001605000000000 | ||
| 999 | |c 16098 |d 16098 | ||
